000 00298nam a22001337a 4500
008 170203b xxu||||| |||| 00| 0 eng d
020 _am0d1004945118
041 _aeng
080 _a61
100 _a3
101 _aSHM
245 _aTHE BRITISH NATIONAL HEALTH SERVICE
_cGILL, D
942 _2udc
_cBK
999 _c4543
_d4543